Mezinárodní vztahy

Guardado en:
Detalles Bibliográficos
Formato: Seriadas
Lenguaje:checo
Publicado: Praha Ústav mezinárodních vztahů 2017
Etiquetas: Agregar Etiqueta
Sin Etiquetas, Sea el primero en etiquetar este registro!

MARC

LEADER 00000nas2a2200000 4500
001 0234711
005 20220303143401.5
022 |a 0323-1844 
041 0 |a cze 
044 |a CZ 
245 1 0 |a Mezinárodní vztahy 
264 1 |a Praha  |b Ústav mezinárodních vztahů  |c 2017 
773 0 |w eu_un_cat*s120060 
774 0 |w eu_un_cat*0282359